Dugaan menguji keimanan

Bibliographic Details
Format: Book
Published: Kuala lumpur : Penerbitan gema insan , 1995
Series:Siri cerita nabi-nabi utama siri kedua

MARC

LEADER 00000cam a2200000 7i4500
001 0000075782
005 20171010.0
008 171010
020 |a 9839791133 
090 0 0 |a REG   |b MAL 
245 0 0 |a Dugaan menguji keimanan   |c Disusun oleh T.Asmidar 
260 |a Kuala lumpur :   |b Penerbitan gema insan ,   |c 1995 
490 1 |a Siri cerita nabi-nabi utama siri kedua 
999 |a 0000495271   |b Book   |c Children Collection   |e Cawangan Pontian 
999 |a 0000768056   |b Book   |c Children Collection   |e Cawangan Bandar Penawar 
999 |a 0000768058   |b Book   |c Children Collection   |e Cawangan Bandar Penawar 
999 |a 0000775999   |b Book   |c Children Collection   |e Cawangan Pontian 
999 |a 0000776000   |b Book   |c Children Collection   |e Cawangan Pontian 
999 |a 0000776001   |b Book   |c Children Collection   |e Cawangan Pontian 
999 |a 0000776002   |b Book   |c Children Collection   |e Cawangan Pontian 
999 |a 0000790186   |b Book   |c Children Collection   |e Cawangan Segamat 
999 |a 0000790187   |b Book   |c Children Collection   |e Cawangan Segamat 
999 |a 0000790188   |b Book   |c Children Collection   |e Cawangan Segamat